000 01397cam a2200313 a 4500
999 _c14003
_d14003
001 15936962
005 20180508173645.0
008 091008s2011 maua 001 0 eng
010 _a 2009039690
020 _a0321652797
020 _a9780321652799
035 _a(OCoLC)ocn456420655
040 _aDLC
_cDLC
_dYDX
_dYDXCP
_dDLC
050 0 0 _aQA39.3
_b.B46 2011
100 1 _aBennett, Jeffrey O.
245 1 0 _aUsing & understanding mathematics :
_ba quantitative reasoning approach /
_cJeffrey Bennett, William Briggs.
246 3 _aUsing and understanding mathematics
250 _a5th ed.
260 _aBoston :
_bAddison Wesley,
_cc2011.
300 _axix, 676, [47] p. :
_bill (some col.) ;
_c28 cm.
500 _aIncludes indexes.
650 0 _aMathematics
_vTextbooks.
700 1 _aBriggs, William L.
942 _2lcc
_cBOOKS
_01